000 00660nam a2200205 i 4500
001 133836
003 ES-MaACL
005 20250911063553.0
007 t|
008 070831s1959 fr ||||1| fre d
080 _a821.134.2
100 1 _aGarcía Calderón, Ventura,
_d1886-1959
_954317
245 1 3 _aLa Périchole
_b: comedie en trois actes et quatre tableaux /
_cVentura García Calderón.
260 _aParis :
_bNouvelles Éditions Latines,
_c1959.
300 _a123 p. ;
_c19 cm.
500 _aBiblioteca Jacinto Martínez Lacalle.
500 _aRetrato del autor.
852 _aES-MaACL
_jE-12082
_bR.140017
999 _c133836
_d133836